[Event "HCL-E1519"]
[Site "www.playchess.de"]
[Date "2006.01.06"]
[Round "9"]
[White "hal1958"]
[Black "Andy1"]
[WhiteElo "1471"]
[BlackElo "1399"]
[PlyCount "95"]
[Result "1/2-1/2"]

1.e4 {welcome to our new game}  d5 {hello again}  
2.exd5 Nf6 3.d4 Nxd5 4.c4 Nf6 5.Nf3 g6 6.Nc3 Bg7 
7.Be3 O-O 8.h3 Nc6 9.d5 Nb8 10.Bd3 c6 11.dxc6 Nxc6 
12.O-O a6 13.a3 e6 14.Qc2 Qc7 15.b4 Bd7 16.Rad1 
Rfd8 17.Bg5 Rde8 18.Ne4 Nxe4 19.Bxe4 Ne5 20.Bf4 
Nxf3+ 21.Bxf3 Qxf4 22.Rxd7 Be5 23.Rfd1 Rac8 
24.Rxb7 Rxc4 25.Qd3 Rec8 26.g3 Qd4 27.Qxd4 Rxd4 
28.Rxd4 Bxd4 29.Rd7 Bb2 30.Rd3 Rc3 {(offering 
draw)}  31.Rxc3 Bxc3 32.Be2 Bb2 33.a4 Bc3 34.b5 
axb5 35.Bxb5 e5 36.Kf1 f5 37.f3 Kf7 38.Ke2 Ke6 
39.Kd3 Be1 40.g4 fxg4 41.hxg4 h5 42.gxh5 gxh5 
43.Ke2 Ba5 44.Kf2 Kf5 45.Kg3 Be1+ 46.Kh3 Kf4 
47.Bc6 Kg5 48.Bd5 {(offering draw)} 
 1/2-1/2

[Event "HCL-E1479"]
[Site "www.playchess.de"]
[Date "2006.01.06"]
[Round "15"]
[White "Andy1"]
[Black "pruliere"]
[WhiteElo "1474"]
[BlackElo "1818"]
[PlyCount "62"]
[Result "1/2-1/2"]

1.e4 g6 {Hi, andy 1...Have a good game}  2.d4 Bg7 
3.f4 d6 4.Nf3 c5 5.c3 cxd4 6.cxd4 Nf6 7.Bd3 O-O 
8.O-O Nc6 9.Nc3 Bg4 10.Be3 Bd7 11.h3 Qc7 12.Rc1 
Qa5 13.a3 e6 14.Bd2 Qb6 15.Be3 d5 16.e5 Ne8 17.Na4 
Qd8 {welcome back Andy1...}  18.Nc5 Bc8 19.Bd2 f6 
20.b4 a6 21.Re1 fxe5 22.fxe5 Ne7 23.Bg5 b6 {I 
think this game is the perfect demonstration about 
"space advantage"! I'm just suffocating!!}  24.Nb3 
Bd7 25.Nbd2 a5 26.b5 a4 27.Nb1 Ra7 28.Qc2 Nc7 
29.Qb2 Qe8 30.Nc3 Nf5 31.Bf1 Ng3 {(offering draw) 
I propose a draw because it would not be 
advantageous for you toexchange your bishop and if 
you you back to d3, i'll go back to 
f5...Everything else seems pretty much blocked to 
me...What do you think??}  1/2-1/2

[Event "HCL-B3743"]
[Site "www.playchess.de"]
[Date "2006.01.06"]
[Round "19"]
[White "psp4"]
[Black "Jule"]
[WhiteElo "1759"]
[BlackElo "1366"]
[PlyCount "103"]
[Result "1-0"]

1.e4 e5 2.Nf3 Nf6 3.Nxe5 d6 4.Nf3 Nxe4 5.d3 Nf6 
6.d4 Be7 7.Nc3 O-O 8.Bd3 h6 9.O-O Bg4 10.h3 Bh5 
11.d5 c6 12.g4 Bg6 13.g5 hxg5 14.Bxg6 fxg6 15.Nxg5 
Qd7 16.Kh2 Nh5 17.Ne6 Rf6 18.Bg5 Rf5 19.Qg4 cxd5 
20.Bxe7 Qxe6 21.Rae1 Qf7 22.Kg1 Nd7 23.Bxd6 Ndf6 
24.Qd4 Rg5+ 25.Kh2 Qd7 26.Be5 Re8 27.f4 Rg3 28.f5 
Rg5 29.fxg6 Rxg6 30.Rfg1 Rh6 31.Qe3 Kh8 {I wish 
happy Christmas. All your wishes ´ld like to 
arrive you}  32.Qf3 d4 33.Ne4 Nxe4 34.Rxe4 Qc6 
35.Qg4 Re7 36.Qg5 Qxe4 37.Qxe7 Rg6 38.Bxg7+ Nxg7 
39.Qxe4 Rxg1 40.Kxg1 b6 41.Qa8+ Kh7 42.Qxa7 Kg8 
43.Qxb6 Kf7 44.Qxd4 Kg6 45.Qxg7+ Kxg7 {a happy new 
year}  46.c4 {happy new year to you too}  Kf6 
47.b4 Ke6 {Thank you}  48.h4 Kf6 49.c5 Ke7 50.h5 
Kf7 51.c6 Ke8 52.h6 1-0

[Event "HCL-B3720"]
[Site "www.playchess.de"]
[Date "2006.01.06"]
[Round "4"]
[White "torbalan"]
[Black "Jule"]
[WhiteElo "1238"]
[BlackElo "1406"]
[PlyCount "145"]
[Result "1-0"]

1.e4 e5 2.Nf3 d6 3.d4 exd4 4.Nxd4 Nf6 5.Nc3 Be7 
6.Be2 O-O 7.O-O c5 8.Nb3 Nc6 9.a3 Be6 10.Nd2 Nd4 
11.Bf3 Nxf3+ 12.Qxf3 Bg4 13.Qg3 Qd7 14.Nd5 Nxd5 
15.exd5 Bf5 16.c4 Bf6 17.Ra2 Rfe8 18.b3 Be5 19.Qh4 
Bd4 20.Nf3 Bb1 21.Rd2 Bc3 22.Rdd1 Bc2 23.Ng5 h6 
24.Nf3 Bxd1 25.Rxd1 Bf6 26.Qh5 b5 27.Bxh6 gxh6 
28.Qxh6 Bg7 29.Qh5 bxc4 30.bxc4 f6 31.Qg6 Re7 
32.h4 Qe8 33.h5 Qxg6 34.hxg6 Rb8 35.Rd3 Bh6 36.Kh2 
Rb2 37.Kg3 Rc2 38.Nh4 Re5 39.Rf3 Bg5 40.Nf5 Rxc4 
41.Nxd6 Rd4 42.Nb5 Rdxd5 43.Nxa7 c4 44.Nc6 Re1 
45.Rc3 Rd3+ 46.Rxd3 Kg7 47.Rc3 Kxg6 48.Rxc4 Kh5 
49.a4 Rc1 50.Rxc1 Bxc1 51.a5 Ba3 52.a6 Bc5 {I wish 
happy Christmas. And all your wishes ´ld like to 
arrive your and your family}  53.a7 Bxa7 54.Nxa7 
Kg5 55.Nc6 f5 56.Kf3 f4 57.Nd4 Kh5 58.Ne6 Kh4 
59.Nxf4 Kg5 60.g3 Kf6 61.Ke4 Kg5 62.f3 Kf6 63.Nd5+ 
Ke6 {I wish a happy new year}  64.f4 Kf7 65.Ke5 
Kg6 66.g4 Kf7 67.f5 Kg7 68.g5 Kf7 69.g6+ Kg7 
70.Ke6 Kf8 71.f6 Kg8 72.Ne7+ Kf8 
73.g7+ 1-0

[Event "HCL-T241"]
[Site "www.playchess.de"]
[Date "2006.01.06"]
[Round "36"]
[White "ulibear"]
[Black "BigAl"]
[WhiteElo "1267"]
[BlackElo "1519"]
[PlyCount "90"]
[Result "0-1"]

1.c4 e5 2.Nc3 Nf6 {Hi, nice to meet you again, 
good luck with the tournament}  3.g3 {thxs and 
same to you :-)}  Bb4 {Thanks :-)}  4.a3 Bxc3 
5.bxc3 c6 6.Bg2 O-O 7.Nf3 d6 8.d3 Be6 9.O-O Nbd7 
10.Ng5 Bg4 11.h3 Bh5 12.Kh2 h6 13.Ne4 Nxe4 14.Bxe4 
Nc5 15.Bg2 Qa5 16.Bd2 Na4 17.g4 Bg6 18.d4 Nxc3 
19.Qe1 exd4 20.e4 Qe5+ 21.f4 Qf6 22.e5 dxe5 
23.fxe5 Qe6 24.Bxc3 dxc3 25.Qxc3 Rad8 26.Rad1 Rfe8 
27.Rxd8 Rxd8 28.Rf3 c5 29.Re3 {permitting me to 
place my bishop on d5? a winter fairy tale? :-)}  
b6 {It's allways nice to give a little at 
Christmas time :-)}  30.Bd5 {I agree perhaps I'll 
give something back sooner or later, but 
definitely in Xmas time  :-)}  Qe7 {:-)}  31.Kg3 
{(offering draw)}  b5 {I'm sure you're right with 
the draw, but I'd like to try a few more please 
:-)}  32.h4 {that's ok; I'd have tried the same in 
your position with a pawn ahead :-)}  b4 {:-)}  
33.axb4 cxb4 34.Qb3 a5 35.h5 Bh7 36.e6 Qd6+ 37.Kh3 
Qf4 38.exf7+ Kf8 39.Rf3 Qc1 {A very happy 
Christmas to you and your  family, I hope 2006 is 
a great year for you}  40.Qa4 {thxs and I wish the 
same to you and your fsmily :-)}  Qh1+ {Thanks 
very much :-)}  41.Kg3 Qg1+ 42.Kf4 {don't see how 
I could have done better against your intruding 
Queen}  Qd4+ {Happy New Year to you and your 
family :-)}  43.Kg3 {(offering draw)}  Qe5+ {This 
is my last try ;-)}  44.Kh3 {ok, let's see what 
happens}  Be4 {Probably nothing will come of it 
but you have to try :-)}  45.Re3 {this move looks 
like my best answer}  Bg2+ 0-1

[Event "HCL-B3641"]
[Site "www.playchess.de"]
[Date "2006.01.06"]
[Round "27"]
[White "ulibear"]
[Black "Milosforman"]
[WhiteElo "1267"]
[BlackElo "969"]
[PlyCount "74"]
[Result "0-1"]

1.Nf3 {hallo again and good luck!}  d6 2.d4 e6 
3.c4 b6 4.e4 Qe7 5.Be2 Bb7 6.Nc3 a6 7.a4 Nd7 8.O-O 
g6 9.Be3 c5 10.dxc5 bxc5 11.a5 Ngf6 12.Qc2 Ng4 
13.Bg5 f6 14.Bd2 h5 15.h3 Nge5 16.Nxe5 Nxe5 17.f4 
Nf7 18.f5 gxf5 19.exf5 e5 20.Nd5 Bxd5 21.cxd5 Bh6 
22.Qa4+ Qd7 23.Qxd7+ Kxd7 24.Be1 Be3+ 25.Bf2 Bxf2+ 
26.Kxf2 Nh6 27.g4 hxg4 28.hxg4 Rab8 29.Ra2 Rb4 
30.Rg1 Rf4+ 31.Kg3 Rg8 32.Kh3 Rf2 33.Rg2 Rxg2 
34.Kxg2 Nxf5 35.Kf3 Nd4+ 36.Kf2 Nxe2 37.Kxe2 
Rxg4 0-1

[Event "HCL-B3804"]
[Site "www.playchess.de"]
[Date "2006.01.06"]
[Round "5"]
[White "Phileas"]
[Black "PhilipKaveny"]
[WhiteElo "1402"]
[BlackElo "1372"]
[PlyCount "44"]
[Result "1/2-1/2"]

1.d4 {happy new year, and good games! :)}  d5 
{Happy New year}  2.Nc3 e6 {Happy New year}  3.Nf3 
Nf6 4.Bg5 Bd6 5.e4 dxe4 6.Nxe4 Be7 7.g3 Nxe4 
8.Bxe7 Qxe7 9.Ne5 O-O 10.Bd3 Nc6 11.Bxe4 Nxe5 
12.dxe5 f5 13.exf6 Qxf6 14.O-O c6 15.Qh5 g6 16.Qe2 
e5 17.Rad1 Bh3 18.Bg2 {this one was a good idea, 
but I had thought about it. You ought to have 
waited a bit}  Bxg2 {I was a little worried about 
my back rank}  19.Kxg2 {yes indeed, I understand! 
:)}  Rae8 20.Rd7 Re7 21.Rfd1 Rff7 22.R7d2 e4 
{(offering draw) That was sort a funny move} 
 1/2-1/2

[Event "HCL-E1453"]
[Site "www.playchess.de"]
[Date "2006.01.06"]
[Round "9"]
[White "icc17103"]
[Black "Kurt_Rohrer"]
[WhiteElo "1576"]
[BlackElo "1939"]
[PlyCount "60"]
[Result "0-1"]

1.d4 {hello and good luck.}  Nf6 {Hi from 
Brazil,have a good game!}  2.Nf3 g6 3.c4 {hi}  Bg7 
4.Nc3 d6 5.e4 O-O 6.Be2 c5 7.d5 Na6 8.O-O Nc7 9.h3 
a6 10.Rb1 Rb8 11.a4 Bd7 12.a5 b5 13.axb6 Rxb6 
14.Bd2 Qb8 15.Qc2 e5 16.Bd3 Nfe8 17.g4 h5 18.Nh2 
hxg4 19.hxg4 Qd8 20.f3 Qh4 21.Be1 Qe7 22.Bg3 Bh6 
23.Ne2 Be3+ 24.Kg2 Nf6 25.Ng1 Rfb8 26.Nh3 Nh7 
27.Qe2 Bd4 28.Bc2 R6xb2 29.Rxb2 Rxb2 30.Rb1 
Ra2 0-1

[Event "HCL-M865"]
[Site "www.playchess.de"]
[Date "2006.01.06"]
[Round "7"]
[White "Losloper"]
[Black "FrankyB58"]
[WhiteElo "2380"]
[BlackElo "2214"]
[PlyCount "71"]
[Result "1-0"]

1.e4 e5 2.Nc3 Nf6 3.f4 d6 4.Nf3 exf4 5.d4 Nh5 
6.Be2 Rg8 7.Qd3 g5 8.Bd2 c6 9.e5 g4 10.Qxh7 gxf3 
11.Bxf3 Qh4+ 12.g3 fxg3 13.O-O-O Rg7 14.Qh8 g2 
15.Rhe1 Nd7 16.exd6+ Kd8 17.Bxh5 Qxh2 18.Bxf7 Qxd6 
19.Ne4 Qe7 20.Ng5 g1Q 21.Rexg1 Rxf7 22.Rge1 Rh7 
23.Nxh7 Qg7 24.Qxg7 Bxg7 25.Bg5+ Kc7 26.Re7 Bh8 
27.Re8 Bg7 28.Rg8 Kb6 29.Rxg7 Kb5 30.Rd3 a5 31.Bd8 
Ka6 32.Ng5 b6 {and I wish you a happy newyear}  
33.Ne4 {Best wishes !}  Rb8 34.Rb3 Rb7 35.Nd6 Rb8 
36.Nxc8 1-0

[Event "HCL-M854"]
[Site "www.playchess.de"]
[Date "2006.01.06"]
[Round "10"]
[White "AronVug"]
[Black "fookooflakman"]
[WhiteElo "2005"]
[BlackElo "2102"]
[PlyCount "69"]
[Result "1-0"]

1.e4 {Hello! Nice to meet you. Good game.}  c5 
2.Nf3 d6 3.d4 cxd4 4.Nxd4 Nf6 5.Nc3 g6 6.Be3 Bg7 
7.f3 O-O 8.Qd2 Nc6 9.O-O-O Nxd4 10.Bxd4 Be6 11.Kb1 
Rc8 12.g4 Bc4 13.h4 Bxf1 14.Rdxf1 Qa5 15.h5 Rc4 
16.hxg6 fxg6 17.g5 Nh5 18.Bxg7 Kxg7 19.Rh4 Rfc8 
20.Rfh1 Qc5 21.f4 b5 22.Qd1 Rxc3 23.bxc3 Qxc3 
24.Qd3 Qb4+ 25.Ka1 a6 26.f5 Rc4 27.Rf1 Qc5 28.Kb1 
Rd4 29.Qf3 Rd2 30.Qb3 Rd4 31.Rxh5 gxh5 32.f6+ exf6 
33.gxf6+ Kf8 34.Qg3 Qe5 35.Qg7+ 1-0

[Event "HCL-B3681"]
[Site "www.playchess.de"]
[Date "2006.01.06"]
[Round "15"]
[White "Regicide"]
[Black "Thrustnicely"]
[WhiteElo "945"]
[BlackElo "995"]
[PlyCount "96"]
[Result "0-1"]

1.e4 {Take guard!}  e5 {"Easy Money "}  2.Nf3 f6 
3.Nxe5 Qe7 4.d4 fxe5 {?????}  5.Qh5+ {I dunno - I 
just seem to recall it hurt when someone did it to 
me.  Hope Rachel's out of hospital - it was her 
milk-teeth?}  g6 {no she managed to hit all four 
new ones}  6.Qd1 {That's a bugger!  I hope they 
weren't too badly damaged}  Nc6 7.d5 Qb4+ 8.Nd2 
Na5 9.c3 Qc5 10.Bd3 Nf6 11.f3 b5 12.Qe2 Rb8 13.Nb3 
Nxb3 14.axb3 a6 15.b4 Qd6 16.Qf2 Rb6 17.Be3 Rb7 
18.h3 h6 19.g4 g5 20.Bc5 Nxg4 21.fxg4 Qg6 22.Rf1 
d6 23.Be3 Bg7 24.Rxa6 Rf8 25.Qg3 Rxf1+ 26.Bxf1 
Qxe4 27.Be2 Qb1+ 28.Bd1 Qxb2 29.Bd2 e4 30.h4 Be5 
31.Qh3 Bf4 32.Bxf4 gxf4 33.Ra8 Kd8 34.h5 f3 
35.Qh4+ Kd7 36.g5 Qxc3+ 37.Kf2 Qd2+ 38.Kg3 Qg2+ 
39.Kf4 Qxg5+ 40.Qxg5 hxg5+ 41.Kxg5 c6 42.Bb3 c5 
43.bxc5 dxc5 44.Bc2 f2 45.Ra1 e3 46.Bf5+ Kd8 
47.Bd3 Rg7+ 48.Kf6 {I'm only playing with 
fractional brain power - the rest has been pushed 
out by hard-packed cotton wool.
And, yeah, I am getting my excuses in early before 
I lose!}  Rg1 {Sweeeeet - turns out the P&O 
Problem went away ( strange offer )} 
 0-1

[Event "HCL-T243"]
[Site "www.playchess.de"]
[Date "2006.01.06"]
[Round "8"]
[White "lostpawn2000"]
[Black "luciano59"]
[WhiteElo "1223"]
[BlackElo "2245"]
[PlyCount "64"]
[Result "0-1"]

1.d4 Nf6 2.c4 c5 3.d5 e6 4.Nc3 exd5 5.cxd5 d6 6.e4 
g6 7.Nf3 Bg7 8.Bg5 h6 9.Bd3 hxg5 10.Qc2 Nh5 
11.O-O-O Nf4 12.Bf1 Bg4 13.Ne2 Bxf3 14.gxf3 Qa5 
15.Rg1 Nxe2+ 16.Bxe2 Qxa2 17.Bb5+ Nd7 18.Rd3 Qa1+ 
19.Qb1 Bxb2+ 20.Kc2 Qxb1+ 21.Rxb1 Bd4 22.Rh1 a6 
23.Bc4 b5 24.Ba2 Ne5 25.Rb3 c4 26.Rbb1 Nxf3 
27.Rbd1 g4 28.Kc1 Bxf2 29.Rdf1 Be3+ 30.Kc2 Rxh2+ 
31.Rxh2 Nxh2 32.Re1 Bf2 0-1

[Event "HCL-A2543"]
[Site "www.playchess.de"]
[Date "2006.01.06"]
[Round "25"]
[White "hal1958"]
[Black "Wernswig"]
[WhiteElo "1483"]
[BlackElo "1423"]
[PlyCount "82"]
[Result "0-1"]

1.b4 {have a nice game}  e5 {hi you too}  2.Bb2 d6 
3.e3 Be6 4.c4 Nf6 5.Nf3 Be7 6.d3 Nbd7 7.Be2 O-O 
8.O-O Ne8 9.h3 f5 10.Nbd2 f4 11.a4 Bh4 12.Kh2 fxe3 
13.fxe3 Qf6 14.Nxh4 Qxh4 15.Rxf8+ Nxf8 16.Qf1 Nf6 
17.Nf3 Qh6 18.Qf2 Ng4+ 19.Kg1 {:-(}  Nxf2 {don't 
worry}  20.Kxf2 {I stop worrying when you give 
your Queen as easely :-)}  Nd7 {i give you my 
knight. It's not enough?}  21.Rf1 g5 22.e4 g4 
23.Bc1 Qg6 24.hxg4 Bxg4 25.Ke1 Bxf3 26.Bxf3 Rf8 
27.Be3 Nf6 {happy new year}  28.Rg1 {Happy 
newyear}  Nh5 29.Kd2 Nf4 30.a5 a6 31.c5 Rf7 32.Rh1 
Nxg2 33.Bh5 Qf6 34.Bxf7+ Qxf7 35.Rg1 Qf3 36.cxd6 
cxd6 37.Bb6 Kf7 38.Rh1 h5 39.Rc1 Qf4+ 40.Kc2 h4 
41.Kb1 h3 0-1

[Event "HCL-A2510"]
[Site "www.playchess.de"]
[Date "2006.01.06"]
[Round "7"]
[White "A2557"]
[Black "Olic"]
[WhiteElo "1350"]
[BlackElo "1713"]
[PlyCount "42"]
[Result "0-1"]

1.e4 e5 {Hi! And have a good game!}  2.Nf3 {Hi! 
From Barcelos, Portugal}  Nc6 3.d3 Bc5 4.Be2 Nf6 
5.c3 d5 6.Nbd2 a5 7.a4 O-O 8.O-O h6 9.h3 Be6 
10.Qc2 Nh5 11.Re1 Nf4 12.Bf1 f5 13.Nb3 Bd6 14.Bxf4 
fxe4 15.dxe4 Rxf4 16.Nfd2 Qf6 17.f3 Qg6 18.Rac1 
dxe4 19.Nxe4 Rxf3 20.Nbd2 Rxh3 21.Nxd6 
Qg3 0-1

[Event "HCL-B3799"]
[Site "www.playchess.de"]
[Date "2006.01.06"]
[Round "7"]
[White "dynamike"]
[Black "ariel1978"]
[WhiteElo "1479"]
[BlackElo "1332"]
[PlyCount "44"]
[Result "0-1"]

1.d4 Nf6 2.c4 c6 3.Nc3 e6 4.e4 Bb4 5.Qc2 d5 6.cxd5 
exd5 7.exd5 Nxd5 8.Bd2 O-O 9.O-O-O Bxc3 10.Bxc3 
Qf6 11.Bd3 h6 12.Nf3 Nd7 13.Rhe1 b5 14.a3 a5 15.b4 
axb4 16.axb4 N7b6 17.Re2 Bg4 18.h3 Bxf3 19.gxf3 
Ra3 20.Bb2 Ra2 21.Qc5 Na4 22.Qa7 
Nac3 0-1

[Event "HCL-C4048"]
[Site "www.playchess.de"]
[Date "2006.01.06"]
[Round "8"]
[White "Viking"]
[Black "ReXtoN"]
[WhiteElo "1000"]
[BlackElo "1159"]
[PlyCount "86"]
[Result "1/2-1/2"]

1.d4 d5 2.Nf3 Nf6 3.c4 Nc6 4.Nc3 e6 5.Bg5 Be7 
6.Bxf6 Bxf6 7.e3 O-O 8.Bd3 e5 9.O-O e4 10.Nxe4 
dxe4 11.Bxe4 Bg4 12.h3 Bxf3 13.Qxf3 Na5 14.Qh5 g6 
15.Qxa5 b6 16.Qb4 Rc8 17.Rfd1 Re8 18.Bc6 Be7 19.c5 
Rf8 20.Qb5 Rb8 21.cxb6 cxb6 22.Rac1 Bh4 23.g3 Qg5 
24.Kh2 Bxg3+ 25.fxg3 Qxe3 26.Qf1 Qe6 27.d5 Qe5 
28.Qf2 h5 29.h4 g5 30.Kg2 f6 31.d6 gxh4 32.gxh4 
Kh8 33.d7 Rbd8 34.b4 Rfg8+ 35.Kf1 Qe6 36.Rc3 a6 
37.a4 Rg4 38.Bf3 Rf4 39.Kg2 Qe5 40.Rc8 Qe7 41.Qg3 
Rxb4 42.Rxd8+ Qxd8 43.Bc6 Rc4 {(offering draw) 44 
moves and no clear situation for mate so i offer a 
draw!If you don't accept it you can be sorry later 
for that cause i can win from these position :D} 
 1/2-1/2

[Event "HCL-B3785"]
[Site "www.playchess.de"]
[Date "2006.01.06"]
[Round "25"]
[White "RUDI"]
[Black "newplayer"]
[WhiteElo "1239"]
[BlackElo "1088"]
[PlyCount "53"]
[Result "1-0"]

1.e4 {es steht 2:2 und es geht in die 
Verlängerung...}  Nf6 {du bist im vorteil hast die 
letzten 2 spiele schnell &leicht 
gewonnen
:-(}  2.Nc3 e5 3.Bc4 c6 4.Nf3 d6 {beim billiard 
auch gerade verloren wenn das so weiter geht  in 
2006 kauf ich mir ein jojo und spiel mit mir 
selber}  5.d3 {...oder mit dem jojo. Billiard 
spielen sollten wir auch mal, da gewinnst Du unter 
Garantie.}  a5 {meine 11 jahrige tochter gewinnt 
sehr oft also keine garantie}  6.a3 b5 7.Ba2 Be6 
8.Bxe6 fxe6 9.O-O Na6 10.Ng5 Qe7 11.Be3 h6 12.Nf3 
Ng4 13.h3 Nxe3 14.fxe3 Qa7 15.Qe2 h5 16.Rae1 b4 
17.Na2 bxa3 18.bxa3 Qc5 19.c4 Qxa3 20.Ng5 {ich 
kannte da mal eine Dame, die lehnte sich sehr weit 
aus dem Fenster...}  Nc7 {und hat sie viel gesehn} 
 21.Rf7 {ich glaube, sie ist raus gefallen oder 
so...}  Na6 {die arme}  22.Rb1 Nb4 23.Nxb4 axb4 
24.Rb7 c5 25.Nxe6 Qa5 26.Qf2 Qa4 
27.Qf7+ 1-0

[Event "HCL-B3771"]
[Site "www.playchess.de"]
[Date "2006.01.06"]
[Round "32"]
[White "RUDI"]
[Black "cioran"]
[WhiteElo "1253"]
[BlackElo "1214"]
[PlyCount "94"]
[Result "0-1"]

1.e4 {ich grüße Dich!}  e5 {gleichfalls beste 
grüße aus frankfurt}  2.Nc3 Bb4 3.a3 Bxc3 4.dxc3 
Nf6 5.Bg5 d6 6.Qd2 {habt ihr auch so ein 
Sauwetter? bei uns hat es orkanartigen Wind und es 
ist schweinekalt. Wackelt Mainhattan?}  h6 {nö. 
momentan ist es windstill..vielleicht die ruhe vor 
dem sturm. regnen tuts auch nicht, aber grau in 
grau schaut die welt schon aus}  7.Bh4 Be6 8.Bd3 
Nbd7 9.Ne2 c6 10.O-O-O Qb6 11.Rhf1 Nc5 12.f4 Nxd3+ 
13.Qxd3 Rd8 14.Bxf6 gxf6 15.fxe5 fxe5 16.Rf6 Ke7 
17.Rdf1 Qb5 18.Qxb5 cxb5 19.Kb1 Rdg8 20.g3 Rg6 
21.R6f3 Rf8 22.Nc1 Bg4 23.R3f2 Bh3 24.Rd1 f5 
25.exf5 Bxf5 26.Rdf1 Rgf6 27.Nd3 a5 28.Re1 Bxd3 
29.Rxf6 Bxc2+ 30.Kxc2 Rxf6 31.Kd3 Rf2 32.Re2 Rxe2 
33.Kxe2 Ke6 34.Ke3 Kf5 35.h3 h5 36.b3 d5 37.Kf3 
e4+ 38.Ke3 b4 39.axb4 axb4 40.cxb4 Ke5 41.g4 d4+ 
42.Ke2 hxg4 43.hxg4 Kf4 44.b5 Kxg4 45.b6 Kf4 46.b4 
d3+ 47.Kd2 Kf3 0-1

[Event "HCL-C3911"]
[Site "www.playchess.de"]
[Date "2006.01.06"]
[Round "2"]
[White "Sargreg3"]
[Black "Johan"]
[WhiteElo "676"]
[BlackElo "1155"]
[PlyCount "66"]
[Result "0-1"]

1.e4 e5 {good luck}  2.Nf3 Nc6 3.Bb5 Nd4 4.Nxd4 
exd4 5.O-O Nf6 6.d3 a6 7.Ba4 Bc5 8.Bg5 Qe7 9.a3 h6 
10.Bxf6 Qxf6 11.Nd2 O-O 12.Qf3 Qe5 13.Nc4 Qe6 
14.Qf5 Qxf5 15.Nd2 Qg6 16.h3 d6 17.f3 Bxh3 18.Kf2 
Qxg2+ 19.Ke1 Qg3+ 20.Rf2 b5 21.Bb3 Qf4 22.Kd1 Qe3 
23.Re2 Qg1+ 24.Re1 Qf2 25.Re2 Qg1+ 26.Re1 Qg3 
27.Bd5 Rab8 28.Nb3 Qxf3+ 29.Kd2 Qf4+ 30.Kd1 Bg4+ 
31.Re2 Qf1+ 32.Kd2 Qxe2+ 33.Kc1 
Qe1+ 0-1

[Event "HCL-B3714"]
[Site "www.playchess.de"]
[Date "2006.01.06"]
[Round "10"]
[White "ivusko"]
[Black "bossjos"]
[WhiteElo "1225"]
[BlackElo "1272"]
[PlyCount "66"]
[Result "0-1"]

1.e4 e5 2.Nf3 Nf6 3.d3 Nc6 4.Bg5 Be7 5.Bxf6 Bxf6 
6.Be2 d6 7.h3 O-O 8.O-O Be6 9.Nc3 Qd7 10.Kh2 Be7 
11.a3 f5 12.exf5 Bxf5 13.Nd5 Rae8 14.Qd2 Be6 
15.Nc3 a6 16.Qe3 Kh8 17.Qd2 b6 18.Rad1 Rf6 19.Ne4 
Rf7 20.Neg5 Rf6 21.c3 h6 22.Ne4 Rf7 23.Ng1 Ref8 
24.Bf3 Bb3 25.Rde1 Be6 26.Qe3 R7f4 27.Ne2 R4f7 
28.Bh5 R7f5 29.Bg6 Bg5 30.Qg3 Bf4 31.Nxf4 R5xf4 
32.Qe3 Bxh3 33.gxh3 R4f3 0-1

[Event "HCL-A2542"]
[Site "www.playchess.de"]
[Date "2006.01.06"]
[Round "14"]
[White "HOTSUN"]
[Black "yannick"]
[WhiteElo "1603"]
[BlackElo "1596"]
[PlyCount "121"]
[Result "1-0"]

1.e4 c5 2.Nf3 d6 3.d4 cxd4 4.Nxd4 Nf6 5.Nc3 a6 
6.Bd3 Bg4 7.Be2 e5 8.Nf3 Be7 9.O-O O-O 10.h3 Bd7 
11.Re1 Nc6 12.a3 Rc8 13.Bd3 Nd4 14.Nxd4 exd4 
15.Ne2 Qb6 16.b3 Qc5 17.Bb2 Qg5 18.f4 Qh6 19.f5 
Nxe4 20.Nxd4 d5 21.Bxe4 dxe4 22.Rxe4 Bc5 23.Kh1 
Bxd4 {I'm always analysed our answer game without 
fondind the end lol}  24.Rxd4 {i think our OTHER 
game is a draw,i was hoping for a pawn move rather 
than the knight.accept a draw in the other game?}  
Bxf5 {ok}  25.c4 {do you play on any other chess 
sites?}  Qe3 {no}  26.Qd2 {www.instantchess.com is 
very good lots of tournaments.i play there every 
day.}  Qxb3 {thanks,I'll go to see this site,but I 
have 31 games running,lol}  27.Qc3 {ok.you can 
alter your settings there to have  from silly 1 
min game to 60 mins each.}  Qxc3 {I w'll go see in 
the afternoon,now I have to much to do thanks}  
28.Bxc3 {ok}  Rfe8 29.Bb4 b6 30.Bd6 Re2 31.Rad1 
Be4 32.Rg1 Bb7 33.Bc7 Re3 34.Rgd1 Rce8 35.Bxb6 
Rxh3+ 36.Kg1 Rg3 37.R4d2 Rxa3 38.R2d8 {you have 
made the move ive been waiting and hoping for.i 
think rxa3 swings the game in my favour.}  Bc6 
{let's go}  39.Rxe8+ Bxe8 40.Rd8 Ra1+ 41.Kf2 f6 
42.Rxe8+ Kf7 43.Ra8 Ra2+ 44.Kg3 Ra3+ 45.Kh2 Ra4 
46.c5 Ke7 47.Ra7+ Kf8 48.c6 Rh4+ 49.Kg3 Rc4 50.c7 
h5 51.Ra8+ Ke7 52.c8Q h4+ 53.Kh3 Rxc8 54.Rxc8 g5 
{soon the end ?}  55.Bd8+ {yes rxa3 lost you the 
game otherwise you were winning}  Ke6 {think so 
let's go 1 or 2 moves}  56.Kg4 {ok}  a5 57.Bxa5 
Kd7 58.Rb8 Kd6 59.Re8 Kd7 {I resist}  60.Re1 {ok 
if you want}  Kd6 61.Bd8 1-0

[Event "HCL-E1528"]
[Site "www.playchess.de"]
[Date "2006.01.06"]
[Round "6"]
[White "reddog"]
[Black "Eyechess"]
[WhiteElo "1847"]
[BlackElo "2017"]
[PlyCount "52"]
[Result "0-1"]

1.d4 Nf6 2.c4 e6 3.Nf3 Bb4+ 4.Nbd2 b6 5.a3 {May I 
wish u a Merry Xmas & a happy, prosperous & 
winning new year}  Bxd2+ {The same to you my 
friend}  6.Bxd2 h6 7.Qc2 Bb7 8.e3 d6 9.Bd3 c5 
10.O-O-O Nbd7 11.e4 cxd4 12.Nxd4 O-O 13.f3 a6 
14.g4 b5 15.g5 hxg5 16.cxb5 axb5 17.Nxb5 Qb6 
18.Bxg5 Rfc8 19.Nc3 d5 20.Bxf6 Nxf6 21.Rhg1 d4 
22.Qf2 Nd7 23.Rg5 dxc3 24.Qxb6 Nxb6 25.Rb5 cxb2+ 
26.Kd2 Nc4+ 0-1

[Event "HCL-B3697"]
[Site "www.playchess.de"]
[Date "2006.01.06"]
[Round "15"]
[White "mrchess"]
[Black "ppadala"]
[WhiteElo "1411"]
[BlackElo "1243"]
[PlyCount "75"]
[Result "1-0"]

1.d4 {good luck
}  Nf6 2.Bg5 e6 3.e3 Be7 4.Bd3 O-O 5.c4 d5 6.Nf3 
Nbd7 7.Qc2 h6 8.Bh4 a6 9.cxd5 exd5 10.O-O b5 
11.Nbd2 Bb7 12.Bg3 Rc8 13.Rac1 c5 14.Qb1 Qb6 
15.Ne5 cxd4 16.Rxc8 Rxc8 17.Nef3 dxe3 18.fxe3 
Qxe3+ 19.Bf2 Qf4 20.Bg3 Qe3+ 21.Bf2 Qe6 22.Re1 Qd6 
23.Nd4 Qb4 24.N2f3 Bc5 25.a3 Qa4 26.Bc2 Qa5 27.b4 
Qxa3 28.bxc5 Nxc5 29.Nf5 Ne6 30.Re3 Qa5 31.Ne7+ 
Kf8 32.Nxc8 Bxc8 33.Qc1 Ng4 34.Re1 Bb7 35.Bf5 Nxf2 
36.Kxf2 Nf4 37.Qc5+ Kg8 38.Re8+ 1-0

[Event "HCL-B3749"]
[Site "www.playchess.de"]
[Date "2006.01.06"]
[Round "9"]
[White "val2005"]
[Black "knoppe"]
[WhiteElo "1421"]
[BlackElo "1261"]
[PlyCount "45"]
[Result "1-0"]

1.d4 {hello, good luck!}  Nf6 {same 2 u :-), from 
Aarhus, DK}  2.c4 c5 3.d5 b5 4.Qc2 bxc4 5.e4 e5 
6.dxe6 fxe6 7.Bxc4 d5 8.exd5 exd5 9.Be2 Be7 10.Nf3 
O-O 11.O-O Bb7 12.b3 Nc6 13.a3 Re8 14.Bb2 a6 
15.Bd3 Bd6 16.Nbd2 Qc7 17.Rfe1 d4 18.Ne4 Nxe4 
19.Bxe4 Na5 20.Bxh7+ Kf8 21.Bg6 Re7 22.Qf5+ Rf7 
23.Qh5 1-0